000 00327nam a2200145Ia 4500
008 230718s9999 xx 000 0 und d
041 _aEng.
082 _a345.05
_bTAB-A
100 _aTabba. Sum Ch. Sajjad
245 0 _aAst of Adovary
260 _aPakistan
_b154 SUE
_c2010
300 _a306
650 _aLaw
999 _c26530
_d26530